000 01243nam a22002777a 4500
001 BRCA_9182
003 FranzMayer
005 20220809125252.0
008 220701b |||||||| |||| 00| 0 spa d
020 _a9786077985334
040 _cMFM
041 _aspa
050 _aNK1525.55 P67
_bV53 2020 v.12
245 _aLa vida en el arte :
_bEscritos de Clara Porset /
_cAna Elena Mallet ed.
260 _aCiudad de México
_bAlias
_c2020
300 _a332 p. :
_bil. ;
_c14 x 21.5 cm.
490 _aAntítesis
500 _aUbicación: L60-N1
505 _tPrólogo /
_rAna Elena Mallet
508 _aLa producción de esta publicación no hubiera sido posible sin el generosos apoyo de Comex
520 _aCompilación de escritos realizados por Clara Porset publicados en medios especializados de Cuba, Estados Unidos y México entre 1930 y 1965. En estos documentos ella expresó sus ideas y planteó los posibles escenarios en los que ella veía el diseño como una herramienta de cambio para mejorar la vida diaria, especialmente entre los estamentos sociales desfavorecidos.
600 _aPorset, Clara,
_d1895-1981
_93389
650 _aArtes decorativas
_vEnsayos
_zMéxico
_928399
942 _2lcc
_cB
999 _c10801
_d10801